[Event "Zetters"]
[Site "Birmingham"]
[Date "1975.03.31"]
[Round "5"]
[White "Damjanovic, Mato"]
[Black "Mestel, A Jonathan"]
[Result "1/2-1/2"]
[WhiteElo "2455"]
[BlackElo "2290"]
[PlyCount "83"]
[EventDate "1975.03.27"]
[EventType "tourn"]
[EventRounds "15"]
[EventCountry "ENG"]
[EventCategory "6"]
[SourceTitle "BritBase"]
[Source "John Saunders"]
[SourceDate "2025.06.06"]
[SourceVersion "1"]
[SourceVersionDate "2025.06.06"]
[SourceQuality "1"]

1. e4 e6 2. d4 d5 3. Nc3 Nf6 4. e5 Nfd7 5. f4 c5 6. Nf3 Nc6 7. Be3 a6 8. Be2 Qb6 9. a3 cxd4 10. Nxd4 Bc5 11. Na4 Qa5+ 12. Nc3 Qb6 13. Na4 Qa5+ 14. c3 Bxd4 15. Bxd4 b5 16. Nc5 Nxd4 17. Qxd4 Nxc5 18. Qxc5 Bd7 19. O-O Rc8 20. Qe3 O-O 21. Rad1 Qc7 22. Rf3 a5 23. Rd4 Rb8 24. Bd3 f5 25. exf6 Rxf6 26. Qe5 Qxe5 27. fxe5 Rxf3 28. gxf3 Be8 29. Kf2 Bg6 30. Be2 Kf7 31. Ke3 Ke7 32. Rg4 Kf8 33. Kd2 Bf5 34. Rd4 Ke7 35. Ke3 h6 36. Bd1 Kd7 37. a4 Kc7 38. b4 axb4 39. Rxb4 bxa4 40. Rxb8 Kxb8 41. Bxa4 Kc7 42. f4 1/2-1/2

[Event "Zetters"]
[Site "Birmingham"]
[Date "1975.03.31"]
[Round "5"]
[White "Gasic, Bozidar"]
[Black "Chellstorp, Craig"]
[Result "0-1"]
[WhiteElo "2365"]
[BlackElo "2380"]
[PlyCount "148"]
[EventDate "1975.03.27"]
[EventType "tourn"]
[EventRounds "15"]
[EventCountry "ENG"]
[EventCategory "6"]
[SourceTitle "BritBase"]
[Source "John Saunders"]
[SourceDate "2025.06.06"]
[SourceVersion "1"]
[SourceVersionDate "2025.06.06"]
[SourceQuality "1"]

1. d4 Nf6 2. Nf3 c5 3. c3 e6 4. Bf4 b6 5. e3 Be7 6. Nbd2 O-O 7. Bd3 Ba6 8. Bxa6 Nxa6 9. Qe2 Qc8 10. O-O Qb7 11. e4 d5 12. e5 Nd7 13. Rfe1 b5 14. dxc5 Naxc5 15. Nd4 Rfc8 16. b3 Rab8 17. Rac1 Nf8 18. Bg3 Rc7 19. f4 g6 20. Bf2 a6 21. N4f3 Rbc8 22. Bd4 Ncd7 23. Qe3 Bc5 24. Bxc5 Rxc5 25. b4 R5c7 26. Nb3 Qa7 27. Nfd4 Nb6 28. Nc5 Nfd7 29. Ndb3 Nxc5 30. Nxc5 Nd7 31. Nxd7 Rxd7 32. g3 Qxe3+ 33. Rxe3 Rdc7 34. Rd3 a5 35. Rb1 a4 36. Rc1 a3 37. Kf2 d4 38. Rxd4 Rxc3 39. Rxc3 Rxc3 40. Rd8+ Kg7 41. Rb8 Rc2+ 42. Kf3 Rxh2 43. Rxb5 Rxa2 44. Ra5 Ra1 45. b5 a2 46. Kg2 g5 47. b6 gxf4 48. gxf4 Kg6 49. b7 Rb1 50. b8=Q Rxb8 51. Rxa2 Rb7 52. Ra1 Kf5 53. Kg3 Rb3+ 54. Kg2 Kg4 55. Ra7 Rb2+ 56. Kg1 Kg3 57. Ra3+ Kxf4 58. Ra7 Kg3 59. Ra3+ Kg4 60. Ra7 Kg3 61. Ra3+ Kg4 62. Ra7 Re2 63. Rxf7 h5 64. Rg7+ Kf5 65. Rg8 Rxe5 66. Kh2 Kf4 67. Re8 Kg4 68. Rg8+ Rg5 69. Ra8 e5 70. Ra4+ Kf3 71. Ra5 Kf4 72. Kh3 e4 73. Ra4 Kf3 74. Kh4 Rf5 0-1

[Event "Zetters"]
[Site "Birmingham"]
[Date "1975.03.31"]
[Round "5"]
[White "Janosevic, Dragoljub"]
[Black "Miles, Anthony John"]
[Result "1/2-1/2"]
[WhiteElo "2465"]
[BlackElo "2435"]
[PlyCount "66"]
[EventDate "1975.03.27"]
[EventType "tourn"]
[EventRounds "15"]
[EventCountry "ENG"]
[EventCategory "6"]
[SourceTitle "BritBase"]
[Source "John Saunders"]
[SourceDate "2025.06.06"]
[SourceVersion "1"]
[SourceVersionDate "2025.06.06"]
[SourceQuality "1"]

1. e4 c5 2. Nf3 Nc6 ({Chessgames.com's version of the score has} 2... d6 {with 2...Nc6 occurring on move 8.}) 3. d4 cxd4 4. Nxd4 g6 5. Nc3 Bg7 6. Be3 Nf6 7. Bc4 O-O 8. Bb3 d6 9. f3 Bd7 10. Qd2 Nxd4 11. Bxd4 b5 12. O-O a5 13. a3 Rb8 14. Kh1 a4 15. Ba2 b4 16. axb4 Rxb4 17. Nd1 Qb8 18. Bc3 Rb7 19. Bc4 Rc7 20. Ne3 Nh5 21. Bxg7 Nxg7 22. b3 axb3 23. cxb3 Be6 24. Nd5 Rb7 25. f4 Kh8 26. Qf2 f5 27. exf5 Rxf5 28. Qd4 Qg8 29. Ne3 Rf8 30. Kg1 d5 31. Bxd5 Bxd5 32. Qxd5 Rxb3 33. Qe5 Qe6 1/2-1/2

[Event "Zetters"]
[Site "Birmingham"]
[Date "1975.04.02"]
[Round "6"]
[White "Ball, John David L"]
[Black "Bisguier, Arthur Bernard"]
[Result "1-0"]
[WhiteElo "2200"]
[BlackElo "2445"]
[PlyCount "81"]
[EventDate "1975.03.27"]
[EventType "tourn"]
[EventRounds "15"]
[EventCountry "ENG"]
[EventCategory "6"]
[SourceTitle "BritBase"]
[Source "John Saunders"]
[SourceDate "2025.06.06"]
[SourceVersion "1"]
[SourceVersionDate "2025.06.06"]
[SourceQuality "1"]

1. e4 Nc6 2. Nf3 e5 3. Nc3 g6 4. d4 exd4 5. Nd5 Bg7 6. Bg5 Nce7 7. Nxd4 h6 8. Nxe7 Nxe7 9. Bh4 c6 10. c3 O-O 11. Be2 g5 12. Bg3 d5 13. exd5 Nxd5 14. h4 Nf4 15. Bxf4 gxf4 16. Qc2 Qe7 17. O-O-O c5 18. Nf3 Be6 19. Qe4 Qf6 20. Bc4 Bxc4 21. Qxc4 b5 22. Qxb5 Rab8 23. Qc4 Rb4 24. Qxc5 Rb6 25. Rhe1 Rfb8 26. Rd2 Bf8 27. Qd4 Qf5 28. Qe5 Qc8 29. Red1 Qc4 30. Kb1 Ra6 31. Qxb8 Qxa2+ 32. Kc1 Rb6 33. Qxf4 Qa1+ 34. Kc2 Rxb2+ 35. Kd3 Qa6+ 36. Qc4 Rb5 37. Nd4 Qg6+ 38. Ke2 Rc5 39. Qd3 Qxg2 40. Qg3+ Qxg3 41. fxg3 1-0

[Event "Zetters"]
[Site "Birmingham"]
[Date "1975.04.02"]
[Round "6"]
[White "Haag, Ervin"]
[Black "Corden, Martyn John"]
[Result "1-0"]
[WhiteElo "2430"]
[BlackElo "2315"]
[PlyCount "82"]
[EventDate "1975.03.27"]
[EventType "tourn"]
[EventRounds "15"]
[EventCountry "ENG"]
[EventCategory "6"]
[SourceTitle "BritBase"]
[Source "John Saunders"]
[SourceDate "2025.06.06"]
[SourceVersion "1"]
[SourceVersionDate "2025.06.06"]
[SourceQuality "1"]

1. e4 Nf6 2. e5 Nd5 3. d4 d6 4. Nf3 Bg4 5. Be2 e6 6. O-O Be7 7. c4 Nb6 8. Nc3 O-O 9. Be3 Nc6 10. exd6 cxd6 11. b3 d5 12. c5 Nc8 13. b4 Bf6 14. b5 Na5 15. Bf4 Ne7 16. Ne5 Bxe2 17. Qxe2 Ng6 18. Nxg6 hxg6 19. Rfd1 Rc8 20. Rd3 Re8 21. Rad1 Nc4 22. Qc2 Bg5 23. Bxg5 Qxg5 24. Na4 Nd6 25. Qb3 Ne4 26. Qb4 Qh4 27. Qe1 Qd8 28. f3 Nf6 29. Re3 Nd7 30. Nc3 g5 31. a4 Nf8 32. Na2 Ng6 33. Nb4 Qa5 34. Ra1 e5 35. c6 Qb6 36. Rd1 bxc6 37. Nxc6 a6 38. Rb1 axb5 39. axb5 Ne7 40. Rxe5 Rxc6 41. bxc6 Qxd4+ 1-0

[Event "Zetters"]
[Site "Birmingham"]
[Date "1975.04.02"]
[Round "6"]
[White "Matera, Salvatore Joseph"]
[Black "Cafferty, Bernard"]
[Result "1/2-1/2"]
[WhiteElo "2385"]
[BlackElo "2335"]
[PlyCount "48"]
[EventDate "1975.03.27"]
[EventType "tourn"]
[EventRounds "15"]
[EventCountry "ENG"]
[EventCategory "6"]
[SourceTitle "BritBase"]
[Source "John Saunders"]
[SourceDate "2025.06.06"]
[SourceVersion "1"]
[SourceVersionDate "2025.06.06"]
[SourceQuality "1"]

1. d4 Nf6 2. c4 e6 3. Nc3 Bb4 4. e3 b6 5. Bd3 Bb7 6. Nf3 Ne4 7. O-O Bxc3 8. bxc3 O-O 9. Nd2 Nxd2 10. Bxd2 f5 11. f3 d6 12. a4 Nc6 13. Qb1 Na5 14. d5 Qf6 15. Qb5 c6 16. Qb4 c5 17. Qb5 e5 18. Kh1 Qe7 19. f4 e4 20. Be2 Bc8 21. Rg1 Bd7 22. Qb1 Qe8 23. Qd1 Bc8 24. Qb1 Bd7 1/2-1/2

[Event "Zetters"]
[Site "Birmingham"]
[Date "1975.04.03"]
[Round "7"]
[White "Botterill, George Steven"]
[Black "Matera, Salvatore Joseph"]
[Result "0-1"]
[WhiteElo "2400"]
[BlackElo "2385"]
[PlyCount "48"]
[EventDate "1975.03.27"]
[EventType "tourn"]
[EventRounds "15"]
[EventCountry "ENG"]
[EventCategory "6"]
[SourceTitle "BritBase"]
[Source "John Saunders"]
[SourceDate "2025.06.06"]
[SourceVersion "1"]
[SourceVersionDate "2025.06.06"]
[SourceQuality "1"]

1. e4 c5 2. Nf3 e6 3. b3 d6 4. Bb5+ Bd7 5. Bxd7+ Nxd7 6. O-O Be7 7. d4 cxd4 8. Nxd4 Ngf6 9. Re1 Nc5 10. f3 O-O 11. c4 Nfd7 12. Be3 Bf6 13. b4 Na6 14. Qb3 Qb6 15. Nb5 Ndc5 16. bxc5 Nxc5 17. N1a3 Bxa1 18. Rxa1 a6 19. Nc3 Nxb3 20. Bxb6 Nxa1 21. Ne2 e5 22. Ba5 b5 23. Bc3 Rfc8 24. Kf2 b4 0-1

[Event "Zetters"]
[Site "Birmingham"]
[Date "1975.04.03"]
[Round "7"]
[White "Cafferty, Bernard"]
[Black "Haag, Ervin"]
[Result "1/2-1/2"]
[WhiteElo "2335"]
[BlackElo "2430"]
[PlyCount "36"]
[EventDate "1975.03.27"]
[EventType "tourn"]
[EventRounds "15"]
[EventCountry "ENG"]
[EventCategory "6"]
[SourceTitle "BritBase"]
[Source "John Saunders"]
[SourceDate "2025.06.06"]
[SourceVersion "1"]
[SourceVersionDate "2025.06.06"]
[SourceQuality "1"]

1. e4 c5 2. Nf3 Nc6 3. Bb5 g6 4. O-O Bg7 5. Re1 Nf6 6. e5 Nd5 7. Nc3 Nc7 8. a4 O-O 9. Bc4 d5 10. exd6 exd6 11. d3 d5 12. Ba2 Be6 13. Bf4 Rc8 14. Nb5 Ne8 15. c3 a6 16. Na3 h6 17. Ne5 Nxe5 18. Bxe5 Rc6 1/2-1/2

[Event "Zetters"]
[Site "Birmingham"]
[Date "1975.04.03"]
[Round "7"]
[White "Corden, Martyn John"]
[Black "Ball, John David L"]
[Result "1-0"]
[WhiteElo "2315"]
[BlackElo "2200"]
[PlyCount "75"]
[EventDate "1975.03.27"]
[EventType "tourn"]
[EventRounds "15"]
[EventCountry "ENG"]
[EventCategory "6"]
[SourceTitle "BritBase"]
[Source "John Saunders"]
[SourceDate "2025.06.06"]
[SourceVersion "1"]
[SourceVersionDate "2025.06.06"]
[SourceQuality "1"]

1. e4 e6 2. d4 d5 3. Nc3 Nf6 4. e5 Ng8 5. Be3 Ne7 6. Bd3 b6 7. g4 Ba6 8. Nf3 Bxd3 9. Qxd3 h5 10. gxh5 Rxh5 11. Ne2 Nbc6 12. Ng3 Rh8 13. h4 Qd7 14. Bd2 a5 15. a4 Ng8 16. c3 Nce7 17. b3 Nh6 18. Bxh6 Rxh6 19. Qe3 Ng8 20. Kf1 Rh8 21. Kg2 Ne7 22. h5 Nc6 23. Qd3 Ne7 24. Kf1 Ng8 25. Ke2 Be7 26. Rac1 Bd8 27. Rc2 Ne7 28. Rg1 c6 29. Rcc1 Bc7 30. Nf1 Nf5 31. Ne3 Nxe3 32. Qxe3 Rxh5 33. Rxg7 O-O-O 34. Ng5 Rf8 35. Qf3 Rhh8 36. Nh7 Rfg8 37. Rxg8+ Rxg8 38. Nf6 1-0

[Event "Zetters"]
[Site "Birmingham"]
[Date "1975.04.03"]
[Round "7"]
[White "Gasic, Bozidar"]
[Black "Webb, Simon"]
[Result "1/2-1/2"]
[WhiteElo "2365"]
[BlackElo "2385"]
[PlyCount "55"]
[EventDate "1975.03.27"]
[EventType "tourn"]
[EventRounds "15"]
[EventCountry "ENG"]
[EventCategory "6"]
[SourceTitle "BritBase"]
[Source "John Saunders"]
[SourceDate "2025.06.06"]
[SourceVersion "1"]
[SourceVersionDate "2025.06.06"]
[SourceQuality "1"]

1. d4 Nf6 2. Nf3 g6 3. Bg5 Bg7 4. Nbd2 d6 5. e4 O-O 6. c3 Nbd7 7. Bc4 e5 8. dxe5 dxe5 9. O-O h6 10. Bh4 Qe8 11. Re1 Nh5 12. a4 a5 13. Bb5 Nf4 14. Nc4 Qe6 15. Ne3 Nb6 16. Bf1 Bd7 17. c4 Bc6 18. Nd5 Bxd5 19. exd5 Qg4 20. Bg3 Nd7 21. d6 cxd6 22. Qxd6 Rfd8 23. Qc7 b6 24. Rad1 Ne6 25. Qd6 Ndc5 26. Qxb6 Rdb8 27. Qd6 Rd8 28. Qb6 1/2-1/2

[Event "Zetters"]
[Site "Birmingham"]
[Date "1975.04.03"]
[Round "7"]
[White "Janosevic, Dragoljub"]
[Black "Matulovic, Milan"]
[Result "0-1"]
[WhiteElo "2465"]
[BlackElo "2530"]
[PlyCount "122"]
[EventDate "1975.03.27"]
[EventType "tourn"]
[EventRounds "15"]
[EventCountry "ENG"]
[EventCategory "6"]
[SourceTitle "BritBase"]
[Source "John Saunders"]
[SourceDate "2025.06.06"]
[SourceVersion "1"]
[SourceVersionDate "2025.06.06"]
[SourceQuality "1"]

1. d4 d5 2. c4 dxc4 3. e3 e5 4. Bxc4 exd4 5. exd4 Nf6 6. Qb3 Qe7+ 7. Ne2 Qb4+ 8. Nbc3 Qxb3 9. Bxb3 Bd6 10. Nb5 Be6 11. Bf4 Bxf4 12. Bxe6 a6 13. Nxf4 axb5 14. Bc8 Ra7 15. O-O O-O 16. Bf5 Nc6 17. Rfd1 Rd8 18. Ne2 b4 19. Bc2 g6 20. g3 Rd6 21. Rd3 Ra8 22. Bb3 Re8 23. Rd2 Na5 24. Nf4 c5 25. Ba4 Red8 26. Rc2 c4 27. b3 cxb3 28. axb3 Rxd4 29. Rc5 b6 30. Rb5 R8d6 31. Re1 Ne4 32. Ne2 Rd1 33. Rxd1 Rxd1+ 34. Kg2 Rd2 35. Nf4 Rxf2+ 36. Kg1 Rb2 37. Rxb6 Nd2 38. Rxb4 Nf3+ 39. Kf1 Nxh2+ 40. Ke1 Nf3+ 41. Kd1 Rd2+ 42. Kc1 Rd8 43. Re4 Nd4 44. b4 Nc4 45. Bc2 Kg7 46. Bd3 Nb6 47. Kb2 Kf6 48. Ne2 Na4+ 49. Ka3 Nxe2 50. Bxe2 Nc3 51. Rf4+ Kg5 52. Bc4 f5 53. b5 Ne4 54. Rf3 Nd2 55. Rf4 Kf6 56. Kb4 g5 57. Rf2 Rd4 58. b6 Nxc4 59. b7 Ne5+ 60. Kc5 Rc4+ 61. Kb5 Rc1 0-1

[Event "Zetters"]
[Site "Birmingham"]
[Date "1975.04.03"]
[Round "7"]
[White "Mestel, A Jonathan"]
[Black "Chellstorp, Craig"]
[Result "1-0"]
[WhiteElo "2290"]
[BlackElo "2380"]
[PlyCount "59"]
[EventDate "1975.03.27"]
[EventType "tourn"]
[EventRounds "15"]
[EventCountry "ENG"]
[EventCategory "6"]
[SourceTitle "BritBase"]
[Source "John Saunders"]
[SourceDate "2025.06.06"]
[SourceVersion "1"]
[SourceVersionDate "2025.06.06"]
[SourceQuality "1"]

1. e4 c5 2. Nf3 d6 3. Nc3 e6 4. d4 cxd4 5. Nxd4 a6 6. f4 Nf6 7. Be3 Nc6 8. Qf3 Bd7 9. O-O-O Rc8 10. e5 Nxd4 11. Bxd4 Bc6 12. Qf2 Nd5 13. Bd3 Nxc3 14. Bxc3 Be7 15. f5 Bh4 16. Qe2 Bd5 17. Be1 Bxe1 18. Rhxe1 Qg5+ 19. Kb1 dxe5 20. Qxe5 O-O 21. fxe6 Qxe5 22. exf7+ Rxf7 23. Rxe5 Bxg2 24. Bf5 Rxf5 25. Rxf5 Be4 26. Rf2 g6 27. Rd7 Rc5 28. b3 Rh5 29. Re2 Rh4 30. Kb2 1-0

[Event "Zetters"]
[Site "Birmingham"]
[Date "1975.04.04"]
[Round "8"]
[White "Ball, John David L"]
[Black "Cafferty, Bernard"]
[Result "1/2-1/2"]
[WhiteElo "2200"]
[BlackElo "2335"]
[PlyCount "24"]
[EventDate "1975.03.27"]
[EventType "tourn"]
[EventRounds "15"]
[EventCountry "ENG"]
[EventCategory "6"]
[SourceTitle "BritBase"]
[Source "John Saunders"]
[SourceDate "2025.06.06"]
[SourceVersion "1"]
[SourceVersionDate "2025.06.06"]
[SourceQuality "1"]

1. e4 Nf6 2. Nc3 d5 3. e5 d4 4. exf6 dxc3 5. fxg7 cxd2+ 6. Qxd2 Qxd2+ 7. Bxd2 Bxg7 8. O-O-O Nc6 9. Ne2 Bd7 10. Bc3 Bxc3 11. Nxc3 O-O-O 12. Be2 Rhg8 1/2-1/2

[Event "Zetters"]
[Site "Birmingham"]
[Date "1975.04.04"]
[Round "8"]
[White "Bisguier, Arthur Bernard"]
[Black "Corden, Martyn John"]
[Result "0-1"]
[WhiteElo "2445"]
[BlackElo "2315"]
[PlyCount "112"]
[EventDate "1975.03.27"]
[EventType "tourn"]
[EventRounds "15"]
[EventCountry "ENG"]
[EventCategory "6"]
[SourceTitle "BritBase"]
[Source "John Saunders"]
[SourceDate "2025.06.06"]
[SourceVersion "1"]
[SourceVersionDate "2025.06.06"]
[SourceQuality "1"]

1. d4 f5 2. c4 e6 3. g3 Nf6 4. Bg2 d6 5. Nf3 Be7 6. b4 O-O 7. Bb2 e5 8. d5 a5 9. a3 axb4 10. axb4 Rxa1 11. Bxa1 Qe8 12. Nc3 Qh5 13. Qb3 Kh8 14. e3 f4 15. exf4 Bh3 16. Bxh3 Qxh3 17. Ne2 Nh5 18. Rg1 Nd7 19. Nd2 Nhf6 20. g4 Qxb3 21. Nxb3 b5 22. g5 Nh5 23. fxe5 Nxe5 24. Bxe5 dxe5 25. c5 Nf4 26. Nc3 Rd8 27. Na5 Nxd5 28. Nxd5 Rxd5 29. Nc6 Bxc5 30. Ke2 Bd4 31. Rg3 g6 32. Ra3 Kg7 33. Ra8 Rd6 34. Ne7 h6 35. h4 hxg5 36. hxg5 Kf7 37. Ng8 Ke6 38. Rb8 Kf5 39. Nh6+ Ke4 40. Rxb5 Ra6 41. Ra5 Rc6 42. Ra2 Rc4 43. b5 Rc5 44. f3+ Kf4 45. Ra6 Rc2+ 46. Kd3 Rc3+ 47. Kd2 Kxg5 48. Nf7+ Kh5 49. Re6 Rxf3 50. Nxe5 Bxe5 51. Rxe5+ Rf5 52. Re7 Rxb5 53. Rxc7 Re5 54. Rc1 g5 55. Rg1 g4 56. Re1 Rxe1 0-1

[Event "Zetters"]
[Site "Birmingham"]
[Date "1975.04.04"]
[Round "8"]
[White "Matera, Salvatore Joseph"]
[Black "Janosevic, Dragoljub"]
[Result "1-0"]
[WhiteElo "2385"]
[BlackElo "2465"]
[PlyCount "71"]
[EventDate "1975.03.27"]
[EventType "tourn"]
[EventRounds "15"]
[EventCountry "ENG"]
[EventCategory "6"]
[SourceTitle "BritBase"]
[Source "John Saunders"]
[SourceDate "2025.06.06"]
[SourceVersion "1"]
[SourceVersionDate "2025.06.06"]
[SourceQuality "1"]

1. c4 Nf6 2. Nc3 g6 3. g3 Bg7 4. Bg2 O-O 5. Nf3 d6 6. O-O Nc6 7. d4 a6 8. d5 Na5 9. Nd2 c5 10. Qc2 Rb8 11. b3 b5 12. Bb2 e6 13. Rab1 exd5 14. Nxd5 Bf5 15. Ne4 Nxd5 16. Bxg7 Kxg7 17. cxd5 Bxe4 18. Bxe4 f5 19. Qc3+ Kg8 20. Bd3 Rc8 21. Bc2 Qb6 22. h4 b4 23. Qe3 Rce8 24. Qh6 c4 25. h5 Rf6 26. hxg6 Rxg6 27. Qf4 cxb3 28. Bxf5 Rf8 29. axb3 Nb7 30. Kg2 Nc5 31. Rh1 Qb7 32. e4 Qe7 33. Rh5 Rg7 34. Rh6 Rf6 35. Rxf6 Qxf6 36. Be6+ 1-0

[Event "Zetters"]
[Site "Birmingham"]
[Date "1975.04.04"]
[Round "8"]
[White "Matulovic, Milan"]
[Black "Gasic, Bozidar"]
[Result "0-1"]
[WhiteElo "2530"]
[BlackElo "2365"]
[PlyCount "90"]
[EventDate "1975.03.27"]
[EventType "tourn"]
[EventRounds "15"]
[EventCountry "ENG"]
[EventCategory "6"]
[SourceTitle "BritBase"]
[Source "John Saunders"]
[SourceDate "2025.06.06"]
[SourceVersion "1"]
[SourceVersionDate "2025.06.06"]
[SourceQuality "1"]

1. e4 e5 2. Nf3 Nc6 3. Bb5 f5 4. Nc3 fxe4 5. Nxe4 d5 6. Ng3 Bg4 7. h3 Bxf3 8. Qxf3 Nf6 9. Nh5 Qd6 10. Nxf6+ gxf6 11. Qh5+ Kd7 12. O-O Rd8 13. d4 Kc8 14. dxe5 fxe5 15. Bg5 Be7 16. Bxc6 bxc6 17. Rae1 Bxg5 18. Qxg5 Rde8 19. c3 Rhg8 20. Qe3 Kb7 21. f4 e4 22. f5 Rg3 23. Qf4 Reg8 24. Re2 Rxh3 25. f6 Qxf4 26. Rxf4 Rh6 27. Kf2 Rf8 28. f7 Rg6 29. Ke3 Kc8 30. Kd4 Kd7 31. Kc5 Ke6 32. g4 Ke7 33. c4 Rd6 34. Rh2 h6 35. Rh3 Rxf7 36. Rxf7+ Kxf7 37. Ra3 d4 38. Rxa7 Kg6 39. Rxc7 d3 40. Kxd6 d2 41. Rxc6 d1=Q+ 42. Kc5+ Kg5 43. Re6 e3 44. Rxe3 Qg1 45. Kd4 Kf4 0-1

[Event "Zetters"]
[Site "Birmingham"]
[Date "1975.04.04"]
[Round "8"]
[White "Webb, Simon"]
[Black "Damjanovic, Mato"]
[Result "1/2-1/2"]
[WhiteElo "2385"]
[BlackElo "2455"]
[PlyCount "81"]
[EventDate "1975.03.27"]
[EventType "tourn"]
[EventRounds "15"]
[EventCountry "ENG"]
[EventCategory "6"]
[SourceTitle "BritBase"]
[Source "John Saunders"]
[SourceDate "2025.06.06"]
[SourceVersion "1"]
[SourceVersionDate "2025.06.06"]
[SourceQuality "1"]

1. Nf3 Nf6 2. c4 e6 3. g3 d5 4. Bg2 Be7 5. O-O O-O 6. d4 c6 7. Qc2 Nbd7 8. b3 b6 9. Rd1 Bb7 10. Nc3 Rc8 11. e4 dxe4 12. Nxe4 Nxe4 13. Qxe4 Re8 14. Bf4 Nf6 15. Qe2 Ba3 16. Ne5 Qe7 17. Rd3 Red8 18. Bg5 h6 19. Bxf6 gxf6 20. Ng4 Kg7 21. Rad1 f5 22. Ne3 Qf6 23. Qd2 a5 24. c5 bxc5 25. Qxa5 Ra8 26. Qb6 Ba6 27. Nc4 Bxc4 28. bxc4 cxd4 29. Rxd4 Rxd4 30. Qxd4 Ra6 31. Qe3 Bb2 32. c5 Ra3 33. Qf4 Rxa2 34. Bxc6 Ra5 35. Be8 Ra8 36. Bb5 e5 37. Qf3 Ra3 38. Qh5 Bd4 39. Bd7 Bxc5 40. Bxf5 Ra2 41. Rf1 1/2-1/2

[Event "Zetters"]
[Site "Birmingham"]
[Date "1975.04.05"]
[Round "9"]
[White "Botterill, George Steven"]
[Black "Ball, John David L"]
[Result "0-1"]
[WhiteElo "2400"]
[BlackElo "2200"]
[PlyCount "77"]
[EventDate "1975.03.27"]
[EventType "tourn"]
[EventRounds "15"]
[EventCountry "ENG"]
[EventCategory "6"]
[SourceTitle "BritBase"]
[Source "John Saunders"]
[SourceDate "2025.06.06"]
[SourceVersion "1"]
[SourceVersionDate "2025.06.06"]
[SourceQuality "1"]

1. e4 e5 2. Nf3 Nc6 3. d4 exd4 4. Nxd4 Nf6 5. Nxc6 bxc6 6. e5 Qe7 7. Qe2 Nd5 8. c4 Nb6 9. Nc3 Ba6 10. Qe4 O-O-O 11. c5 Bxf1 12. cxb6 Ba6 13. bxc7 Kxc7 14. Bf4 Qb4 15. O-O-O Qxe4 16. Nxe4 Bc4 17. Kb1 Be6 18. Rd4 Be7 19. Ra4 Ra8 20. Ka1 Rhb8 21. Bd2 Rb5 22. Ba5+ Kc8 23. f4 Rab8 24. Bc3 R8b7 25. Rd1 g6 26. Rdd4 Rd5 27. g3 h5 28. b3 Kb8 29. Kb2 Rbb5 30. Ra6 Rxd4 31. Bxd4 c5 32. Bf2 c4 33. Nd2 Bb4 34. bxc4 Rb7 35. Nb3 Bxc4 36. Ra4 a5 37. Bc5 Bxb3 38. axb3 Bxc5 39. Rxa5 0-1

[Event "Zetters"]
[Site "Birmingham"]
[Date "1975.04.05"]
[Round "9"]
[White "Cafferty, Bernard"]
[Black "Bisguier, Arthur Bernard"]
[Result "0-1"]
[WhiteElo "2335"]
[BlackElo "2445"]
[PlyCount "44"]
[EventDate "1975.03.27"]
[EventType "tourn"]
[EventRounds "15"]
[EventCountry "ENG"]
[EventCategory "6"]
[SourceTitle "BritBase"]
[Source "John Saunders"]
[SourceDate "2025.06.06"]
[SourceVersion "1"]
[SourceVersionDate "2025.06.06"]
[SourceQuality "1"]

1. c4 e5 2. d3 Bb4+ 3. Nd2 f5 4. g3 Nf6 5. Bg2 O-O 6. Nh3 c6 7. O-O d5 8. Qb3 Bc5 9. cxd5 cxd5 10. e4 Nc6 11. exd5 Nd4 12. Qd1 f4 13. Kh1 f3 14. Nxf3 Nxf3 15. Be3 Nd4 16. Ng5 Nxd5 17. b4 Bb6 18. Rc1 h6 19. Bxd4 Bxd4 20. Rxc8 Rxc8 21. Ne6 Qd6 22. Qb3 Rfd8 0-1

[Event "Zetters"]
[Site "Birmingham"]
[Date "1975.04.05"]
[Round "9"]
[White "Damjanovic, Mato"]
[Black "Matulovic, Milan"]
[Result "0-1"]
[WhiteElo "2455"]
[BlackElo "2530"]
[PlyCount "86"]
[EventDate "1975.03.27"]
[EventType "tourn"]
[EventRounds "15"]
[EventCountry "ENG"]
[EventCategory "6"]
[SourceTitle "BritBase"]
[Source "John Saunders"]
[SourceDate "2025.06.06"]
[SourceVersion "1"]
[SourceVersionDate "2025.06.06"]
[SourceQuality "1"]

1. e4 c5 2. Nf3 Nc6 3. d4 cxd4 4. Nxd4 Qc7 5. Nc3 e6 6. g3 a6 7. Bg2 Nf6 8. O-O Be7 9. Nce2 O-O 10. c4 Rd8 11. Nc3 d6 12. b3 Bd7 13. Bb2 Rac8 14. Rc1 Qb8 15. Qd2 b5 16. cxb5 Nxd4 17. Qxd4 axb5 18. a3 e5 19. Qd2 b4 20. axb4 Qxb4 21. h3 Qxb3 22. Kh2 Rc5 23. Nd5 Nxd5 24. Rxc5 dxc5 25. exd5 Bd6 26. Re1 f6 27. Ra1 c4 28. Bc3 Be8 29. h4 Bf7 30. Be4 Bg6 31. f3 Qb7 32. g4 Bxe4 33. fxe4 Qd7 34. Rg1 Rb8 35. Qe2 Qc8 36. g5 f5 37. g6 h6 38. Qh5 fxe4 39. Rg3 Qc5 40. Qf5 Qxd5 41. Qd7 Qc5 42. Kh3 Qc8 43. Qxc8+ Rxc8 0-1

[Event "Zetters"]
[Site "Birmingham"]
[Date "1975.04.05"]
[Round "9"]
[White "Gasic, Bozidar"]
[Black "Matera, Salvatore Joseph"]
[Result "0-1"]
[WhiteElo "2365"]
[BlackElo "2385"]
[PlyCount "72"]
[EventDate "1975.03.27"]
[EventType "tourn"]
[EventRounds "15"]
[EventCountry "ENG"]
[EventCategory "6"]
[SourceTitle "BritBase"]
[Source "John Saunders"]
[SourceDate "2025.06.06"]
[SourceVersion "1"]
[SourceVersionDate "2025.06.06"]
[SourceQuality "1"]

1. e4 c5 2. Nf3 e6 3. b3 Nc6 4. Bb5 Nge7 5. Bb2 a6 6. Bxc6 Nxc6 7. O-O b6 8. d4 cxd4 9. Nxd4 Bb7 10. Nf3 Qc7 11. c4 f6 12. Nc3 Be7 13. Rc1 O-O 14. Qe2 Ne5 15. Nxe5 fxe5 16. f3 Bc6 17. Kh1 Qb8 18. Nd1 d6 19. Ne3 Qb7 20. Rfd1 b5 21. c5 dxc5 22. Ng4 Rfd8 23. Nxe5 Rxd1+ 24. Qxd1 Rd8 25. Qc2 Bg5 26. Rd1 Rxd1+ 27. Qxd1 Qc7 28. Qc2 Bb7 29. Nd3 Be3 30. Ba3 c4 31. bxc4 bxc4 32. Nc5 Qa5 33. Qb1 Qxa3 34. Nxb7 Qc3 35. g3 Qc1+ 36. Qxc1 Bxc1 0-1